Love poems for a rainy day. (Запис № 520991)
[ простий вигляд ]
| 000 -LEADER | |
|---|---|
| fixed length control field | 01110cam a2200253Ii 4500 |
| 001 - CONTROL NUMBER | |
| control field | lovepoemsforrain00wyse |
| 003 - CONTROL NUMBER IDENTIFIER | |
| control field | CaSfIA |
| 005 - DATE AND TIME OF LATEST TRANSACTION | |
| control field | 20210118165633.0 |
| 007 - PHYSICAL DESCRIPTION FIXED FIELD--GENERAL INFORMATION | |
| fixed length control field | cr|||| |
| 008 - FIXED-LENGTH DATA ELEMENTS--GENERAL INFORMATION | |
| fixed length control field | 791023s1979 ohua 000 0 eng d |
| 040 ## - CATALOGING SOURCE | |
| Original cataloging agency | GZX |
| Transcribing agency | GZX |
| Modifying agency | KSU |
| -- | CaSfIA |
| 035 ## - SYSTEM CONTROL NUMBER | |
| System control number | (OCoLC)5577801 |
| 050 14 - LIBRARY OF CONGRESS CALL NUMBER | |
| Classification number | PS3573.Y74 |
| Item number | L68x 1979 |
| 092 ## - LOCALLY ASSIGNED DEWEY CALL NUMBER (OCLC) | |
| Classification number | 811 |
| Item number | W |
| 100 1# - MAIN ENTRY--PERSONAL NAME | |
| Personal name | Wyse, Lois. |
| 245 10 - TITLE STATEMENT | |
| Title | Love poems for a rainy day. |
| Medium | [electronic resource] |
| 260 ## - PUBLICATION, DISTRIBUTION, ETC. (IMPRINT) | |
| Place of publication, distribution, etc | Pepper Pike, Ohio : |
| Name of publisher, distributor, etc | Garret Press, |
| Date of publication, distribution, etc | c1979. |
| 300 ## - PHYSICAL DESCRIPTION | |
| Extent | 52 p. : |
| Other physical details | col. ill. ; |
| Dimensions | 20 cm. |
| 506 ## - RESTRICTIONS ON ACCESS NOTE | |
| Standardized terminology for access restriction | Необхідна авторизація на https://archive.org/ (створення облікового запису безкоштовно) |
| 506 ## - RESTRICTIONS ON ACCESS NOTE | |
| Standardized terminology for access restriction | Необхідна авторизація на https://openlibrary.org/ (створення облікового запису безкоштовно) |
| 856 41 - ELECTRONIC LOCATION AND ACCESS | |
| Uniform Resource Identifier | <a href="http://www.archive.org/details/lovepoemsforrain00wyse">http://www.archive.org/details/lovepoemsforrain00wyse</a> |
| Public note | Free eBook from the Internet Archive |
| 856 42 - ELECTRONIC LOCATION AND ACCESS | |
| Uniform Resource Identifier | <a href="http://www.openlibrary.org/books/OL24370882M">http://www.openlibrary.org/books/OL24370882M</a> |
| Public note | Additional information and access via Open Library |
| 942 ## - ADDED ENTRY ELEMENTS (KOHA) | |
| Koha item type | ЕКнига |
Немає доступних примірників.